000 00350nam a2200121Ia 4500
008 151213s9999 xx 000 0 und d
245 _aBangladesh Economics Review-2003
_bFinance Division of Ministry of Finance
260 _aDhaka
_bFinance Divition
_c2003
300 _a1823 p.
650 _aEconomics
650 _aEconomics Reference
999 _c1342
_d1342